[Event "FIDE World Rapid Team"]
[Site "London ENG"]
[Date "2025.06.12"]
[Round "5.1"]
[White "Bryant, Harry"]
[Black "Sava, Robert-Gabriel"]
[Result "1/2-1/2"]
[BlackTitle "CM"]
[WhiteElo "2062"]
[BlackElo "2121"]
[WhiteTeam "The London Legends"]
[BlackTeam "xChess.AI"]
[WhiteFideId "489158"]
[BlackFideId "1265725"]
[EventDate "2025.06.11"]
[EventType "team"]

1. e4 a6 2. d4 b5 3. Nf3 Bb7 4. Bd3 Nf6 5. Nbd2 e6 6. a3 c5 7. dxc5 Bxc5 8. O-O
Nc6 9. Nb3 Be7 10. Re1 Rc8 11. h3 d6 12. a4 b4 13. a5 O-O 14. Qe2 Ne5 15. Nxe5
dxe5 16. Be3 Qd7 17. Bb6 Qc6 18. Rac1 Nd7 19. Be3 Nc5 20. Nxc5 Bxc5 21. Bxc5
Qxc5 22. Bxa6 Bxa6 23. Qxa6 Ra8 24. Qb6 Rxa5 25. Qxc5 Rxc5 26. Re3 Rfc8 27. Rb3
Rc4 28. f3 g5 29. c3 Rd4 30. Kh2 bxc3 31. Rcxc3 Rxc3 32. Rxc3 Rb4 33. Rc5 Rxb2
34. Rxe5 h6 35. h4 gxh4 36. Rh5 Kg7 37. Rxh4 Kg6 38. Rg4+ Kf6 39. Kg3 h5 40. Rg8
Rb1 41. Kf4 h4 42. Rh8 Rb2 43. Rh6+ Ke7 44. Rxh4 Rxg2 45. Rg4 Rb2 46. Rg5 Rb1
47. Ra5 Kf6 48. Rc5 Rh1 49. Ra5 Rh4+ 50. Kg3 Rh8 51. Kf4 Kg6 52. Rg5+ Kf6 53.
Ra5 Re8 54. Rh5 e5+ 55. Ke3 Kg6 56. Rh1 Rb8 57. Rg1+ Kf6 58. Rd1 Rb3+ 59. Rd3
Rb1 60. Rd6+ Kg5 61. Rd7 Rb3+ 62. Kf2 f5 63. exf5 Kf4 64. f6 Rb2+ 65. Ke1 Ke3
66. Kd1 Rf2 67. Rd5 Rxf3 68. Rxe5+ Kd4 69. Re6 Kd5 70. Ra6 Ke5 71. Ke2 Rxf6 72.
Rxf6 Kxf6 1/2-1/2

[Event "FIDE World Rapid Team"]
[Site "London ENG"]
[Date "2025.06.12"]
[Round "5.2"]
[White "Rusu, Lucas"]
[Black "Dasgupta, Avyukt"]
[Result "1/2-1/2"]
[WhiteElo "2038"]
[BlackElo "2125"]
[WhiteTeam "xChess.AI"]
[BlackTeam "The London Legends"]
[WhiteFideId "42206472"]
[BlackFideId "480630"]
[EventDate "2025.06.11"]
[EventType "team"]

1. e4 c5 2. Nf3 e6 3. d4 cxd4 4. Nxd4 Nf6 5. Nc3 Nc6 6. Be3 Bb4 7. Bd3 e5 8. Nf5
O-O 9. Bg5 d6 10. Ne3 h6 11. Bh4 g5 12. Bg3 Kg7 13. h4 g4 14. h5 d5 15. exd5
Nxd5 16. Nxd5 Qxd5 17. Qe2 Be6 18. O-O Bxc3 19. bxc3 f5 20. Bb5 f4 21. Bxc6 bxc6
22. Rad1 Qb5 23. Qxb5 cxb5 24. Bh4 Bxa2 25. Rfe1 Rf5 26. Rd6 Bf7 27. Rxe5 Rxe5
28. Bf6+ Kh7 29. Bxe5 Bxh5 30. Bxf4 Bg6 31. Ra6 Bxc2 32. Rxh6+ Kg7 33. Ra6 Bd3
34. Be3 Kf7 35. Rxa7+ Rxa7 36. Bxa7 Kg6 37. Kh2 Kf5 38. Kg3 Bc4 39. Bd4 Bf7 40.
Kh4 Bd5 41. Kg3 Bf7 42. f4 gxf3 43. Kxf3 Bd5+ 44. Kg3 Kg6 45. Kh3 Be6+ 46. Kh4
Bd5 47. g4 Bc4 48. g5 Bd3 49. Kg4 Bf5+ 50. Kf4 Bd3 51. Bf6 Bc4 52. Ke3 Bf7 53.
Kd4 Bc4 54. Kc5 Bf1 55. Kb4 Kf5 56. Bd8 Bc4 57. Kc5 Kg6 58. Kd4 Bf1 59. Ke4 1/2-1/2

[Event "FIDE World Rapid Team"]
[Site "London ENG"]
[Date "2025.06.12"]
[Round "5.3"]
[White "Patel, Zain"]
[Black "Badescu, Matei-Andrei"]
[Result "1/2-1/2"]
[WhiteElo "2045"]
[BlackElo "1947"]
[WhiteTeam "The London Legends"]
[BlackTeam "xChess.AI"]
[WhiteFideId "469246"]
[BlackFideId "42213096"]
[EventDate "2025.06.11"]
[EventType "team"]

1. f4 d5 2. Nf3 Nf6 3. b3 e6 4. Bb2 Be7 5. e3 O-O 6. d4 c5 7. Nbd2 Nc6 8. a3 Bd6
9. Ne5 Qb6 10. Nxc6 bxc6 11. Bd3 Ba6 12. dxc5 Bxc5 13. Bxa6 Qxa6 14. Bd4 Bxd4
15. exd4 Qb6 16. Nf3 c5 17. O-O Ne4 18. Qd3 Rac8 19. c4 cxd4 20. cxd5 exd5 21.
Qxd4 Rc3 22. Qxb6 axb6 23. b4 Ra8 24. a4 Rb3 25. a5 Rxb4 26. axb6 Rxa1 27. Rxa1
h6 28. h3 Rxb6 29. Ne5 Rb8 30. Rd1 Rd8 31. Nc6 Rd6 32. Ne7+ Kf8 33. Nxd5 Nf6 34.
Ne3 Rxd1+ 35. Nxd1 Ke7 36. Kf2 Ke6 37. Kf3 Nd5 38. g4 g6 39. Nb2 f5 40. Nd3
fxg4+ 41. hxg4 h5 42. gxh5 gxh5 43. Kg3 h4+ 44. Kxh4 Nxf4 45. Nxf4+ Ke5 1/2-1/2

[Event "FIDE World Rapid Team"]
[Site "London ENG"]
[Date "2025.06.12"]
[Round "5.4"]
[White "Sava, Christiansen-Danut-Eugen"]
[Black "Vashisht-Pigem, Raman"]
[Result "1-0"]
[WhiteTitle "FM"]
[WhiteElo "2002"]
[BlackElo "1965"]
[WhiteTeam "xChess.AI"]
[BlackTeam "The London Legends"]
[WhiteFideId "1210114"]
[BlackFideId "469734"]
[EventDate "2025.06.11"]
[EventType "team"]

1. b4 e6 2. Bb2 Nf6 3. b5 d5 4. Nf3 Bd6 5. e3 O-O 6. Be2 c5 7. c4 a6 8. a4 dxc4
9. Bxc4 Nbd7 10. O-O Nb6 11. Be2 axb5 12. axb5 Rxa1 13. Bxa1 Bd7 14. Nc3 Nbd5
15. d4 Qe7 16. Nxd5 Nxd5 17. dxc5 Bxc5 18. Ne5 Rd8 19. Bd3 Nf6 20. Qc2 h6 21.
Rd1 Nd5 22. Bh7+ Kh8 23. Bg6 Be8 24. Bxf7 Bxf7 25. Nxf7+ Qxf7 26. Qxc5 Rf8 27.
Rf1 Kg8 28. Be5 Qd7 29. e4 Nf6 30. Bxf6 Rxf6 31. Rc1 Qd2 32. f3 Rg6 33. g4 Qe2
34. Qf2 Qxb5 35. Kg2 e5 36. Rc8+ Kh7 37. Qa2 Rf6 38. h4 Qd7 39. Qg8+ Kg6 40.
Qe8+ Qxe8 41. Rxe8 Rb6 42. Rxe5 Rb2+ 43. Kg3 b5 44. Re6+ Kf7 45. Rb6 b4 46. g5
hxg5 47. hxg5 g6 48. Kf4 Rb1 49. Ke5 b3 50. Rb7+ Ke8 51. Kf6 b2 52. Kxg6 Rf1 53.
Rxb2 Rxf3 54. Rb7 Re3 55. Kf5 Rf3+ 56. Ke6 Kf8 57. g6 Kg8 58. e5 Re3 59. Kf6
Rf3+ 60. Kg5 Rg3+ 61. Kf6 Rf3+ 62. Ke6 Kf8 63. Rf7+ Rxf7 64. gxf7 Kg7 65. Ke7 1-0

[Event "FIDE World Rapid Team"]
[Site "London ENG"]
[Date "2025.06.12"]
[Round "5.5"]
[White "Mokhber-Garcia, Sebastian"]
[Black "Badescu, Eliza-Ioana"]
[Result "1-0"]
[WhiteElo "1853"]
[BlackElo "1832"]
[WhiteTeam "The London Legends"]
[BlackTeam "xChess.AI"]
[WhiteFideId "499269"]
[BlackFideId "42214890"]
[EventDate "2025.06.11"]
[EventType "team"]

1. e4 c6 2. d4 d5 3. Nc3 dxe4 4. Nxe4 Nd7 5. Bc4 Ngf6 6. Ng5 e6 7. Qe2 Nb6 8. c3
Nxc4 9. Qxc4 Be7 10. N1f3 O-O 11. O-O h6 12. Nh3 Qb6 13. Ne5 c5 14. dxc5 Bxc5
15. Qh4 Be7 16. Qg3 Kh8 17. Nf4 Bc5 18. b4 Ne4 19. Qf3 Ng5 20. Qe2 Bd6 21. Nc4
Qc7 22. Nxd6 Qxd6 23. Rd1 Qc7 24. c4 b6 25. h4 Nh7 26. Nh5 Bb7 27. Bb2 f6 28.
Qxe6 Bc8 29. Qe4 Bb7 30. Qg4 Rad8 31. Nf4 Rxd1+ 32. Rxd1 Rd8 33. Rxd8+ Qxd8 34.
Ng6+ Kg8 35. Qe6# 1-0

[Event "FIDE World Rapid Team"]
[Site "London ENG"]
[Date "2025.06.12"]
[Round "5.6"]
[White "Platschek, Luca"]
[Black "Kodukula, Sameera"]
[Result "1/2-1/2"]
[WhiteElo "1626"]
[BlackElo "1647"]
[WhiteTeam "xChess.AI"]
[BlackTeam "The London Legends"]
[WhiteFideId "1289888"]
[BlackFideId "343413994"]
[EventDate "2025.06.11"]
[EventType "team"]

1. b4 e6 2. Bb2 d5 3. b5 Nf6 4. e3 Be7 5. Nf3 O-O 6. Be2 b6 7. O-O Bb7 8. c4
dxc4 9. Bxc4 Nbd7 10. d4 Re8 11. Nc3 c5 12. bxc6 Bxc6 13. d5 exd5 14. Nxd5 Nxd5
15. Bxd5 Bxd5 16. Qxd5 Nf6 17. Qxd8 Rexd8 18. Rac1 Rac8 19. Bd4 h6 20. h3 Nd7
21. Rfd1 Bf6 22. Bxf6 Nxf6 23. Rxd8+ Rxd8 24. Rc7 Rd7 25. Rc8+ Kh7 26. Ne5 Rd1+
27. Kh2 Rd2 28. f4 Rxa2 29. Nxf7 Kg6 30. Ne5+ Kh7 31. Kg3 Ra3 32. Kf3 Nd5 33.
Nc4 Rc3 34. Nd6 Rxe3+ 35. Kg4 Nf6+ 36. Kf5 Re7 37. g4 Rd7 38. Ne8 Nxe8 39. Rxe8
Rb7 40. Ke5 b5 41. Kd4 b4 42. Re2 a5 43. Rb2 b3 44. Kc3 a4 45. Rb1 Kg6 46. Kb2
Rb4 47. f5+ 1/2-1/2

[Event "FIDE World Rapid Team"]
[Site "London ENG"]
[Date "2025.06.12"]
[Round "5.1"]
[White "Eren, Ataberk"]
[Black "Zakarian, David"]
[Result "0-1"]
[WhiteTitle "IM"]
[BlackTitle "FM"]
[WhiteElo "2423"]
[BlackElo "2301"]
[WhiteTeam "Satranc Istanbul"]
[BlackTeam "ANI"]
[WhiteFideId "6349765"]
[BlackFideId "13301276"]
[EventDate "2025.06.11"]
[EventType "team"]

1. e4 Nc6 2. Nf3 d6 3. d4 Nf6 4. Nc3 Bg4 5. d5 Nb8 6. Be2 e5 7. dxe6 Bxe6 8. Nd4
Bd7 9. O-O Nc6 10. b3 g6 11. Bb2 Bg7 12. Nd5 O-O 13. Bf3 Ne5 14. Nxf6+ Qxf6 15.
c3 c5 16. Nc2 Bb5 17. Be2 Bxe2 18. Qxe2 Nc6 19. Rad1 Rfe8 20. Qb5 Rab8 21. Rfe1
Re6 22. f3 Qh4 23. Qe2 Rbe8 24. Qf2 Qd8 25. Ne3 Ne7 26. Re2 b5 27. c4 Bh6 28.
Ng4 Bg7 29. Bxg7 Kxg7 30. cxb5 Qa5 31. Red2 d5 32. Qxc5 dxe4 33. fxe4 Rxe4 34.
Qg5 Ng8 35. h3 h6 36. Qc5 h5 37. Nf2 R4e5 38. Qd4 Nf6 39. a4 Qc7 40. Nd3 Re4 41.
Qc5 Re1+ 42. Rxe1 Rxe1+ 43. Kf2 Ne4+ 44. Kxe1 Nxc5 45. Nxc5 Qxc5 46. Rd3 Qc2 47.
Rg3 h4 48. Rg4 Qxb3 49. Kf2 Qb2+ 50. Kg1 Qa1+ 51. Kh2 Qe5+ 52. Kg1 f5 53. Rc4
Kf6 54. Rc6+ Kg5 55. Ra6 Kf4 56. Rxg6 Qa1+ 57. Kh2 Qxa4 58. Ra6 Qd4 59. Ra3 Qc5
60. Ra4+ Ke3 61. Rxh4 Qe5+ 62. Kg1 Qxb5 63. Rh7 Qc5 64. h4 a5 65. h5 Kf4+ 66.
Kh2 Kg5 67. Kh3 Qc3+ 68. g3 f4 69. Kg2 Qc2+ 0-1

[Event "FIDE World Rapid Team"]
[Site "London ENG"]
[Date "2025.06.12"]
[Round "5.2"]
[White "Kiremitciyan, Ari"]
[Black "Makaraci, Tunahan"]
[Result "0-1"]
[WhiteTitle "FM"]
[BlackTitle "FM"]
[WhiteElo "2271"]
[BlackElo "2233"]
[WhiteTeam "ANI"]
[BlackTeam "Satranc Istanbul"]
[WhiteFideId "6373445"]
[BlackFideId "6356559"]
[EventDate "2025.06.11"]
[EventType "team"]

1. Nf3 Nf6 2. g3 b6 3. Bg2 Bb7 4. O-O g6 5. b3 Bg7 6. Bb2 O-O 7. c4 d6 8. d4
Nbd7 9. Nc3 e5 10. e3 Ne4 11. Qc2 Nxc3 12. Bxc3 e4 13. Nd2 f5 14. b4 c5 15. bxc5
dxc5 16. d5 Ne5 17. Bxe5 Bxe5 18. Rab1 Qf6 19. a4 Bc3 20. Rfc1 Bb4 21. Rd1 Ba6
22. f4 exf3 23. Nxf3 Rfe8 24. Rd3 Rad8 25. Rbd1 Rd6 26. h4 Re4 27. Ng5 Rxc4 28.
Qf2 Rc1 29. Rxc1 Bxd3 30. Bf1 Bxf1 31. Rxf1 Qe5 32. e4 c4 33. Kg2 Bc5 34. Qc2 h6
35. Ne6 Rd7 36. h5 fxe4 37. hxg6 Qxd5 38. Nf4 Qd2+ 39. Qxd2 Rxd2+ 40. Kh3 c3 41.
Nh5 Rd6 42. g7 Rd8 43. Kg4 e3 44. Kf5 Rd5+ 45. Kg6 Rxh5 46. Kxh5 0-1

[Event "FIDE World Rapid Team"]
[Site "London ENG"]
[Date "2025.06.12"]
[Round "5.3"]
[White "Eken, Atakan"]
[Black "Stepanyan, Henrik"]
[Result "1/2-1/2"]
[WhiteElo "2010"]
[BlackElo "2200"]
[WhiteTeam "Satranc Istanbul"]
[BlackTeam "ANI"]
[WhiteFideId "6375626"]
[BlackFideId "401030"]
[EventDate "2025.06.11"]
[EventType "team"]

1. e4 e5 2. Nf3 Nc6 3. Bc4 Nf6 4. d3 Bc5 5. c3 a5 6. O-O O-O 7. d4 Ba7 8. Bg5 d6
9. dxe5 dxe5 10. Qxd8 Rxd8 11. Bb5 h6 12. Bxf6 gxf6 13. Nbd2 Ne7 14. a4 Ng6 15.
Rad1 Be6 16. Bc4 Nf4 17. Bxe6 fxe6 18. Nc4 Nd3 19. Rd2 Nc5 20. Rxd8+ Rxd8 21.
Nxa5 Nxe4 22. g3 Rd3 23. Kg2 Nd6 24. Re1 e4 25. Ng1 f5 26. Re2 c5 27. Nh3 e5 28.
Nb3 c4 29. Na1 Rd1 30. Nc2 Kf7 31. Ne3 Bxe3 32. fxe3 Ra1 33. Nf2 h5 34. h3 Rxa4
35. g4 hxg4 36. hxg4 fxg4 37. Nxg4 Ke6 38. Rd2 Ra2 39. Nf2 Ra8 40. Kf1 Rh8 41.
Ke1 Nf5 42. Nxe4 Nxe3 43. Nc5+ Kf5 44. Nxb7 Kf4 45. Rf2+ Kg3 46. Ke2 Nd5 47. Nc5
Rb8 48. Ne4+ Kg4 49. Kd1 Nf4 50. Rd2 Nd3 51. Nf2+ 1/2-1/2

[Event "FIDE World Rapid Team"]
[Site "London ENG"]
[Date "2025.06.12"]
[Round "5.4"]
[White "Zakarian, Dimitrios Levon"]
[Black "Tahaoglu, Ugur Barkin"]
[Result "1/2-1/2"]
[WhiteElo "2079"]
[BlackElo "2015"]
[WhiteTeam "ANI"]
[BlackTeam "Satranc Istanbul"]
[WhiteFideId "453080"]
[BlackFideId "6303331"]
[EventDate "2025.06.11"]
[EventType "team"]

1. d4 Nf6 2. c4 e6 3. Nf3 Bb4+ 4. Nbd2 b6 5. a3 Bxd2+ 6. Bxd2 Bb7 7. Bg5 h6 8.
Bh4 d6 9. e3 g5 10. Bg3 Ne4 11. Bd3 Nd7 12. Qc2 Ndf6 13. O-O-O Qe7 14. h3 Nxg3
15. fxg3 c5 16. g4 O-O-O 17. Kb1 Kb8 18. Rhf1 Nd7 19. Qf2 Rdf8 20. Nd2 h5 21.
gxh5 Rxh5 22. Be4 Bxe4+ 23. Nxe4 f5 24. Nc3 Rh7 25. Qd2 Rc8 26. Rfe1 cxd4 27.
Qxd4 Ne5 28. Qxd6+ Qxd6 29. Rxd6 Nxc4 30. Rd3 Rhc7 31. Nb5 Rc5 32. Nd4 Re5 33.
a4 f4 34. e4 Ne3 35. Nf3 Ra5 36. b3 Rac5 37. g3 Rc2 38. Nxg5 Ng2 39. Red1 e5 40.
gxf4 Nxf4 41. Rd8 Rh2 42. Rxc8+ Kxc8 43. Rc1+ Kd7 44. Rc3 Ne2 45. Rd3+ Kc6 46.
Nf3 Rh1+ 47. Kb2 Nf4 48. Nxe5+ Kc7 49. Rd7+ Kb8 50. Nc6+ Kc8 51. Rxa7 Rxh3 52.
e5 Rh6 53. Nd4 Nd3+ 54. Ka3 Nxe5 55. Nb5 Rh3 56. Rc7+ Kb8 57. Rc3 Rxc3 58. Nxc3
Kb7 59. Kb4 Kc6 60. Nb5 Nd3+ 61. Kc3 Nc5 62. Kc4 Ne4 63. Nd4+ Kb7 64. b4 Nd6+
65. Kd5 Ne8 66. Nb5 Nf6+ 67. Ke5 Nd7+ 68. Ke6 Nb8 69. Nd4 Na6 70. Nc2 Kc7 71.
Kd5 Kd7 72. Kc4 Nc7 73. Nd4 Kc8 74. Nb5 Ne6 75. Kd5 Nd8 76. Kd6 Kb7 77. Nd4 Nf7+
78. Ke6 Ng5+ 79. Kd7 Ne4 80. Nb5 Nf6+ 81. Ke6 Ng4 82. Kd7 Ne5+ 83. Ke6 Nd3 84.
a5 1/2-1/2

[Event "FIDE World Rapid Team"]
[Site "London ENG"]
[Date "2025.06.12"]
[Round "5.5"]
[White "Kalender, Murat Emre"]
[Black "Grigoryan, Meri"]
[Result "1/2-1/2"]
[BlackTitle "WFM"]
[WhiteElo "1782"]
[BlackElo "1980"]
[WhiteTeam "Satranc Istanbul"]
[BlackTeam "ANI"]
[WhiteFideId "34531815"]
[BlackFideId "13300571"]
[EventDate "2025.06.11"]
[EventType "team"]

1. e4 c6 2. d4 d5 3. exd5 cxd5 4. Bd3 Nc6 5. c3 Nf6 6. Bf4 e6 7. Nf3 Bd6 8. Bxd6
Qxd6 9. Nbd2 O-O 10. O-O e5 11. dxe5 Nxe5 12. Nxe5 Qxe5 13. Nf3 Qf4 14. Qd2 Qxd2
15. Nxd2 Re8 16. Nb3 Bd7 17. Nd4 Ne4 18. Bb5 Rad8 19. Rad1 a6 20. Bxd7 Rxd7 21.
f3 Nf6 22. Rd2 Kf8 23. Rfd1 Rc8 24. Nf5 b5 25. Ne3 Rcd8 26. Rd4 g6 27. Kf2 Ke7
28. Nc2 Rd6 29. Re1+ Re6 30. Ne3 Kd6 31. Red1 Kc6 32. Nc2 Red6 33. Nb4+ Kb6 34.
Nc2 Re8 35. Ne3 Kc6 36. a4 Red8 37. axb5+ axb5 38. Nc2 R6d7 39. Nb4+ Kc5 40.
Nd3+ Kd6 41. Nb4 Kc5 42. Nd3+ Kd6 43. Rf4 Ng8 44. Nb4 Kc5 45. Rfd4 Nf6 46. Nd3+
Kd6 1/2-1/2

[Event "FIDE World Rapid Team"]
[Site "London ENG"]
[Date "2025.06.12"]
[Round "5.6"]
[White "Mesropyan, Hayk"]
[Black "Demir, Aleyna"]
[Result "1-0"]
[WhiteElo "1866"]
[BlackElo "1651"]
[WhiteTeam "ANI"]
[BlackTeam "Satranc Istanbul"]
[WhiteFideId "499455"]
[BlackFideId "6378323"]
[EventDate "2025.06.11"]
[EventType "team"]

1. e4 d5 2. exd5 Qxd5 3. Nc3 Qa5 4. d4 c6 5. Bc4 Qc7 6. Nf3 Nf6 7. Qe2 Bg4 8. h3
Bxf3 9. Qxf3 Nbd7 10. O-O e6 11. a4 Nb6 12. Bb3 Nbd5 13. Re1 O-O-O 14. a5 Bb4
15. a6 b6 16. Nxd5 Nxd5 17. c3 Bd6 18. Bd2 h5 19. c4 Nf6 20. c5 Bh2+ 21. Kh1
Rxd4 22. cxb6 Qxb6 23. Be3 e5 24. Bxd4 exd4 25. Kxh2 Ng4+ 26. Kg1 Qc7 27. hxg4
hxg4 28. Qxg4+ 1-0

[Event "FIDE World Rapid Team"]
[Site "London ENG"]
[Date "2025.06.12"]
[Round "5.1"]
[White "Sedykh, Mikhail"]
[Black "Kawuma, Patrick"]
[Result "0-1"]
[BlackTitle "FM"]
[WhiteElo "2159"]
[BlackElo "2231"]
[WhiteTeam "Desert Penguins"]
[BlackTeam "Equity Bank, Kenya"]
[WhiteFideId "447498"]
[BlackFideId "10000127"]
[EventDate "2025.06.11"]
[EventType "team"]

1. d4 Nf6 2. c4 g6 3. Nc3 Bg7 4. e4 d6 5. h3 O-O 6. Be3 e5 7. d5 a5 8. g4 Nfd7
9. Qd2 Na6 10. Nge2 Nac5 11. Ng3 c6 12. h4 cxd5 13. cxd5 b5 14. Bxb5 Rb8 15. h5
Nf6 16. f3 Bd7 17. Bxd7 Qxd7 18. b3 Rfc8 19. h6 Bf8 20. O-O Rb7 21. Rac1 Rbc7
22. Nb1 Nxg4 23. fxg4 Qxg4 24. Qg2 Qh4 25. Qh2 Qg4 26. Nd2 Kh8 27. Nc4 Nxe4 28.
Kg2 f5 29. Qh3 Qxg3+ 30. Qxg3 Nxg3 31. Bb6 Rb7 32. Kxg3 Bxh6 33. Rcd1 Rxc4 34.
bxc4 Rxb6 35. Rb1 Ra6 36. Rb8+ Kg7 37. Rfb1 Bf4+ 38. Kf2 e4 39. R1b7+ Kf6 40. a4
Ke5 41. Rxh7 Kd4 42. Rc7 g5 43. Rf7 e3+ 44. Ke2 Ke4 45. Rfb7 Be5 46. Rb6 Ra7 47.
R6b7 Ra6 48. Rb6 Ra7 49. R6b7 Rxb7 50. Rxb7 f4 51. Re7 f3+ 52. Kf1 e2+ 53. Kf2
Kd4 54. Re6 g4 55. c5 Kxc5 56. Re8 Kxd5 57. Re7 0-1

[Event "FIDE World Rapid Team"]
[Site "London ENG"]
[Date "2025.06.12"]
[Round "5.2"]
[White "Gurevich, Artjom"]
[Black "Madan, Augustin"]
[Result "1-0"]
[BlackTitle "IM"]
[WhiteElo "2183"]
[BlackElo "2259"]
[WhiteTeam "Equity Bank, Kenya"]
[BlackTeam "Desert Penguins"]
[WhiteFideId "2603870"]
[BlackFideId "1210327"]
[EventDate "2025.06.11"]
[EventType "team"]

1. d4 d5 2. Nf3 c6 3. c4 Nf6 4. g3 g6 5. Bg2 Bg7 6. O-O O-O 7. Nc3 dxc4 8. Ne5
Be6 9. e4 b5 10. d5 Bd7 11. Nxd7 Nfxd7 12. Be3 a6 13. f4 e5 14. dxe6 fxe6 15. e5
Qc7 16. a4 b4 17. Ne4 a5 18. Qd6 Qxd6 19. Nxd6 Rd8 20. Rfd1 Bf8 21. Nxc4 Be7 22.
Bh3 Nf8 23. Rxd8 Bxd8 24. Rd1 Bc7 25. Bc5 Nbd7 26. Rxd7 Nxd7 27. Bxe6+ Kg7 28.
Bxd7 g5 29. f5 h5 30. e6 Kf6 31. e7 Kf7 32. e8=Q+ Rxe8 33. Bxe8+ Kxe8 34. Bb6 1-0

[Event "FIDE World Rapid Team"]
[Site "London ENG"]
[Date "2025.06.12"]
[Round "5.4"]
[White "Mutisya, Jully"]
[Black "Bharat Kumar, Balahari"]
[Result "0-1"]
[WhiteTitle "WCM"]
[WhiteElo "1822"]
[BlackElo "2052"]
[WhiteTeam "Equity Bank, Kenya"]
[BlackTeam "Desert Penguins"]
[WhiteFideId "10814922"]
[BlackFideId "496464"]
[EventDate "2025.06.11"]
[EventType "team"]

1. d4 d5 2. Nf3 Nf6 3. Bf4 c5 4. e3 Nc6 5. Nbd2 Qb6 6. dxc5 Qxb2 7. Rb1 Qc3 8.
Bb5 Qxc5 9. c4 a6 10. Bxc6+ bxc6 11. O-O e6 12. Ne5 Bd7 13. Nb3 Qa3 14. Qc2 Be7
15. Nd4 Qc5 16. Rb7 Rd8 17. Qa4 O-O 18. Nxd7 Rxd7 19. Rxd7 Nxd7 20. Nxc6 Bf6 21.
cxd5 exd5 22. Nd4 Nb6 23. Qc6 Bxd4 24. Qxc5 Bxc5 25. Rc1 Rc8 26. Be5 Bd6 27.
Rxc8+ Nxc8 28. Bd4 f6 29. Kf1 Kf7 30. Ke2 Ke6 31. Kd3 Ne7 32. f3 Nf5 33. Bb6 Nh4
34. e4 Nxg2 35. exd5+ Kxd5 36. h3 Nf4+ 0-1

[Event "FIDE World Rapid Team"]
[Site "London ENG"]
[Date "2025.06.12"]
[Round "5.6"]
[White "Kuka Kyle"]
[Black "Ding, Yihua"]
[Result "1-0"]
[WhiteElo "1892"]
[BlackElo "1536"]
[WhiteTeam "Equity Bank, Kenya"]
[BlackTeam "Desert Penguins"]
[WhiteFideId "10831533"]
[BlackFideId "495999"]
[EventDate "2025.06.11"]
[EventType "team"]

1. e4 c5 2. c3 d5 3. exd5 Qxd5 4. d4 Nf6 5. Nf3 Bg4 6. Be2 e6 7. O-O Nc6 8. Be3
cxd4 9. cxd4 Be7 10. Nc3 Qd6 11. h3 Bh5 12. Qb3 O-O 13. Rad1 Qb4 14. Qc2 Bg6 15.
Bd3 Bxd3 16. Rxd3 Rfd8 17. Rfd1 Qa5 18. a3 a6 19. Qb3 Qc7 20. d5 exd5 21. Bb6
Qd7 22. Bxd8 Rxd8 23. Nxd5 Nxd5 24. Rxd5 Qc7 25. Rxd8+ Bxd8 26. Qd3 h6 27. Qf5
Bf6 28. Rd7 Qa5 29. Qxa5 Nxa5 30. b4 1-0

[Event "FIDE World Rapid Team"]
[Site "London ENG"]
[Date "2025.06.12"]
[Round "6.1"]
[White "Erigaisi, Arjun"]
[Black "Firouzja, Alireza"]
[Result "1/2-1/2"]
[WhiteTitle "GM"]
[BlackTitle "GM"]
[WhiteElo "2782"]
[BlackElo "2766"]
[WhiteTeam "Team MGD1"]
[BlackTeam "WR Chess Team"]
[WhiteFideId "35009192"]
[BlackFideId "12573981"]
[EventDate "2025.06.11"]
[EventType "team"]

1. d4 d5 2. c4 c6 3. Nc3 Nf6 4. e3 e6 5. Nf3 Nbd7 6. a4 Bb4 7. Bd3 O-O 8. O-O b6
9. cxd5 exd5 10. Qc2 Bb7 11. Ne5 Re8 12. f4 c5 13. Bd2 Nf8 14. dxc5 Bxc5 15. Nb5
Rc8 16. Qb3 a6 17. Nd4 Ng6 18. Bxg6 hxg6 19. a5 b5 20. Bb4 Ba7 21. Rac1 Rc4 22.
Rcd1 Qc8 23. Qa3 Ng4 24. Nxc4 dxc4 25. Rfe1 Re4 26. h3 Nxe3 27. Rxe3 Bxd4 28.
Rxd4 Rxd4 29. Qc3 Qc6 30. Re2 Qf6 31. Qe1 Qxf4 32. Bc3 Rd3 33. Qf2 Qg5 34. Re8+
Kh7 35. Re5 Qc1+ 36. Kh2 Qh6 37. h4 Bd5 38. Re7 Qh5 39. Re5 Qh6 40. Re7 Qc1 41.
Re1 Rd1 42. Rxd1 Qxd1 43. Qd4 Qxd4 44. Bxd4 b4 45. g4 g5 46. hxg5 Kg6 47. Be3 f6
48. gxf6 Kxf6 49. Bd4+ Kf7 50. Kg3 g5 51. Bc5 c3 52. bxc3 b3 53. Ba3 Ke8 54. Kf2
Be6 55. Ke3 Bxg4 56. Kd4 Bd1 57. c4 g4 58. Kc3 g3 59. Bd6 g2 60. Bc5 Kd7 61. Bg1
Ke6 62. Bf2 Kf5 63. Bg1 Ke4 64. Bf2 Bc2 65. Bg1 Kf4 66. Bh2+ Ke4 67. Bg1 1/2-1/2

[Event "FIDE World Rapid Team"]
[Site "London ENG"]
[Date "2025.06.12"]
[Round "6.3"]
[White "Anton Guijarro, David"]
[Black "Duda, Jan-Krzysztof"]
[Result "1-0"]
[WhiteTitle "GM"]
[BlackTitle "GM"]
[WhiteElo "2642"]
[BlackElo "2725"]
[WhiteTeam "Team MGD1"]
[BlackTeam "WR Chess Team"]
[WhiteFideId "2285525"]
[BlackFideId "1170546"]
[EventDate "2025.06.11"]
[EventType "team"]

1. Nf3 d5 2. c4 d4 3. b4 f6 4. e3 e5 5. c5 a5 6. Qa4+ Qd7 7. Bb5 c6 8. Bc4 Na6
9. exd4 e4 10. b5 exf3 11. bxa6 b5 12. cxb6 Bxa6 13. O-O Ne7 14. Re1 Bxc4 15.
Qxc4 Rb8 16. Ba3 Rxb6 17. Re6 Qb7 18. Nc3 Qa6 19. Qxa6 Rxa6 20. Rae1 Ra7 21. d5
Kf7 22. dxc6 Nxc6 23. Bxf8 Ne5 24. Bc5 Rc7 25. Re7+ Rxe7 26. Bxe7 fxg2 27. Kxg2
Rc8 28. Bd6 Nc4 29. Re7+ Kf8 30. Nb5 Kg8 31. Bf4 Rd8 32. Nc7 Rd3 33. Ne6 g5 34.
Rg7+ Kh8 35. Rc7 1-0

[Event "FIDE World Rapid Team"]
[Site "London ENG"]
[Date "2025.06.12"]
[Round "6.4"]
[White "So, Wesley"]
[Black "Mendonca, Leon Luke"]
[Result "1/2-1/2"]
[WhiteTitle "GM"]
[BlackTitle "GM"]
[WhiteElo "2745"]
[BlackElo "2603"]
[WhiteTeam "WR Chess Team"]
[BlackTeam "Team MGD1"]
[WhiteFideId "5202213"]
[BlackFideId "35028561"]
[EventDate "2025.06.11"]
[EventType "team"]

1. e4 c5 2. Nf3 d6 3. d4 cxd4 4. Qxd4 Nf6 5. h3 Nc6 6. Qe3 g6 7. Bc4 Bg7 8. O-O
O-O 9. Rd1 Bd7 10. Nc3 Rc8 11. Bb3 a6 12. Qe2 Na5 13. e5 Nxb3 14. axb3 dxe5 15.
Nxe5 Qe8 16. Nxd7 Nxd7 17. Bf4 e5 18. Bg5 f5 19. Rd6 h6 20. Qd2 hxg5 21. Rxd7
Rf7 22. Rxf7 Qxf7 23. Qxg5 Bf6 24. Qe3 Rd8 25. Rd1 Rxd1+ 26. Nxd1 e4 27. Qe2 Kg7
28. g3 Qe6 29. b4 g5 30. Ne3 f4 31. gxf4 gxf4 32. Ng4 Bxb2 33. Qd2 Be5 34. Qd8
Bd6 35. Qg5+ Kf7 36. c3 f3 37. Qh5+ Kg7 38. Qg5+ Kf7 39. Qh5+ Kg7 40. Qg5+ Kf7 1/2-1/2